Math in the Real World Quiz Stats

 Plays Quiz Updated Oct 23, 2015

Challenge
Share
Tweet
Embed
Score 0/30 Timer 08:00
2 Plays Today
Math Definition Word % Correct
The ratio of a circle's circumference to its diameterPi
92.7%
To multiply a number by itselfSquare
74.4%
The result of multiplicationProduct
72.5%
A value of x for which f(x) = 0Root
68.2%
A trig. function that relates the lengths of the legs of a right triangle (Abbr.)Tan
64.5%
A trig. function that describes the vertical displacement of a point on the unit circle (Abbr.)Sin
63.9%
A positive integer x greater than 1 which is only divisible by 1 and xPrime
63.3%
To calculate the value of a number added to itself any number of timesMultiply
63.3%
A transformation consisting of a constant offset with no rotation or distortionTranslation
59.4%
The set of all rational and irrational numbersReal
59.4%
If a * b = b * a, then a and b are said to ________Commute
55.1%
Term to describe the set of positive integers (and sometimes zero)Natural
53.9%
A number which cannot be expressed as a fractionIrrational
53.5%
To list or name numerals in orderCount
53.2%
To calculate how many groups can be formed from another given groupDivide
52.9%
Math Definition Word % Correct
An exponent to which a given quantity is raisedPower
52.1%
Geometric figure formed by two rays or lines that diverge from a common pointAngle
51.7%
Term to describe a function that has continuous derivativesSmooth
45.5%
To compute the rate of change of a functionDifferentiate
38.2%
To calculate the area between a function's graph and an axisIntegrate
38.2%
The exponent to which a fixed number must be raised to obtain a given value (Abbr.)Log
36.9%
Term to describe a vector perpendicular to a planeNormal
36.1%
Numbers of the form x + iy, where i * i = -1Complex
35.1%
A finite or infinite ordered set of terms combined using the addition operatorSeries
31.7%
The symbol used to indicate an nth rootRadical
27.3%
An array of numbers, often used to represent a linear transformationMatrix
25.6%
A relation that associates each member of one set to exactly one member of another setFunction
24.8%
A set containing all its limit points; a set whose complement is openClosed
23.1%
A multiplicative inverseReciprocal
20.4%
The set of all numbers that a function maps to 0Kernel
16.6%

You're not logged in!

Compare scores with friends on all Sporcle quizzes.
Join for Free
OR
Log In

You Might Also Like...

Show Comments

Extras

Top Quizzes Today


Score Distribution

Your Account Isn't Verified!

In order to create a playlist on Sporcle, you need to verify the email address you used during registration. Go to your Sporcle Settings to finish the process.

Report this User

Report this user for behavior that violates our Community Guidelines.

Details: